书目信息 |
| 题名: |
AutoCAD 2004中文版基础与实例教程
|
|
| 作者: | 邓燕 编著 | |
| 分册: | ||
| 出版信息: | 北京 电子工业出版社 2004.04 |
|
| 页数: | 349页 | |
| 开本: | 26cm | |
| 丛书名: | 培训专家 | |
| 单 册: | ||
| 中图分类: | TP391.72 | |
| 科图分类: | ||
| 主题词: | 计算机辅助设计--图形软件 | |
| 电子资源: | ||
| ISBN: | 7-5053-9766-4 | |
| 000 | 00938nam 2200265 450 | |
| 001 | 0142019969 | |
| 005 | 20050919173900.72 | |
| 010 | @a7-5053-9766-4@dCNY35.00 (含光盘) | |
| 100 | @a20050429d2004 km y0chiy0120 ea | |
| 101 | 0 | @achi |
| 102 | @aCN@b110000 | |
| 105 | @aa z 000yy | |
| 200 | 1 | @aAutoCAD 2004中文版基础与实例教程@AAutoCAD 2004 zhong wen ban ji chu yu shi li jiao cheng@f邓燕编著@Fdeng yan bian zhu |
| 210 | @a北京@c电子工业出版社@d2004.04 | |
| 215 | @a349页@c图@d26cm@e光盘1片 | |
| 225 | 2 | @a培训专家 |
| 307 | @a光盘 ISBN : 7-89496-383-6 | |
| 330 | @a本书全面介绍本软件的基本功能和使用方法,涉及基本图形的绘制、修改图形、书写文字、绘制三维曲面等,并结合大量二给和三维制作实例进行讲述。 | |
| 410 | 0 | @12001 @a培训专家 |
| 606 | 0 | @a计算机辅助设计@x图形软件 |
| 610 | 0 | @aAutoCAD 2004 |
| 690 | @aTP391.72@v4 | |
| 701 | 0 | @a邓燕@Adeng yan@4编著 |
| 801 | 0 | @aCN@bQSSK@c20050919 |
| 905 | @a10447@dTP391.72@eD335 | |
| AutoCAD 2004中文版基础与实例教程/邓燕编著.-北京:电子工业出版社,2004.04 |
| 349页:图;26cm+光盘1片.-(培训专家) |
| ISBN 7-5053-9766-4:CNY35.00 (含光盘) |
| 本书全面介绍本软件的基本功能和使用方法,涉及基本图形的绘制、修改图形、书写文字、绘制三维曲面等,并结合大量二给和三维制作实例进行讲述。 |
| ● |
| 相关链接 |
|
|
|
正题名:AutoCAD 2004中文版基础与实例教程
索取号:TP391.72/D335
 
预约/预借
| 序号 | 登录号 | 条形码 | 馆藏地/架位号 | 状态 | 备注 |
| 1 | 524534 | 205245340 | 自科二线404/404自科库 14排6列4层/ [索取号:TP391.72/D335] | 在馆 | |
| 2 | 524535 | 205245359 | 期刊室512/301自科库 68排2列2层/ [索取号:TP391.72/D335] | 在馆 | |
| 3 | 524536 | 205245368 | 期刊室512/301自科库 68排2列2层/ [索取号:TP391.72/D335] | 在馆 |